| 000 | 00520nam a2200181Ia 4500 | ||
|---|---|---|---|
| 008 | 151202s9999||||xx |||||||||||||| ||und|| | ||
| 082 | _bPNVM-70445 | ||
| 100 | _aआठल्ये अनिल. | ||
| 245 | _aकोंदण. | ||
| 260 | _b"मेघना प्रक ाशन, पुणे." | ||
| 260 | _c70445 | ||
| 300 | _a232 | ||
| 600 | _aआठल्ये अनिल. | ||
| 630 | _aकोंदण. | ||
| 700 | _aआठल्ये अनिल. | ||
| 730 | _aकोंदण. | ||
| 942 | _cBOOK | ||
| 999 |
_c1336954 _d1336951 |
||